000 00448nam a2200169Ia 4500
005 20250423095330.0
008 250422s9999 xx 000 0 und d
020 _a0- 321- 30363- 6
050 _aQA 76.76.M52 .R62/
100 _aRoodyn, Neil
245 0 _aeXtreme .NET : introducing eXtreme programming techniques to .NET developers
260 _aNew Jersey
260 _bAddison- Wesley
260 _c2005
300 _a298 p
942 _cBK
999 _c29950
_d29950